Normal view
MARC view
- Law, Criminal Pleading and Drafting
Entry Topical Term
001 - CONTROL NUMBER
- control field: 128155
003 - CONTROL NUMBER IDENTIFIER
- control field: NUST
005 - DATE AND TIME OF LATEST TRANSACTION
- control field: 20250304125154.0
008 - FIXED-LENGTH DATA ELEMENTS
- fixed length control field: 250304|| aca||aabn | a|a d
040 ## - CATALOGING SOURCE
- Original cataloging agency: NUST
- Transcribing agency: NUST
150 ## - HEADING--TOPICAL TERM
- Topical term or geographic name entry element: Law, Criminal Pleading and Drafting
670 ## - SOURCE DATA FOUND
- Source citation: Work cat.: (NUST): Kataria, R.P. 128154, Guide to Criminal Pleading and Drafting with Model Forms /, 2020.
